[Event "Campeonato Nacional  Femenino 2011"]
[Site "Ciudad de Holguin. Cuba"]
[Date "2011.01.30"]
[Round "3.4"]
[White "Gutierrez, Amanda"]
[Black "Llaudy, Lisandra"]
[Result "1/2-1/2"]
[WhiteElo "2022"]
[BlackElo "2238"]
[PlyCount "97"]
[EventDate "2011.01.29"]
[EventType "swiss"]
[EventRounds "9"]
[EventCountry "CUB"]
[EventCategory "1"]

1. e4 c5 2. Nf3 Nc6 3. d4 cxd4 4. Nxd4 e5 5. Nb5 a6 6. Nd6+ Bxd6 7. Qxd6 Qf6 8.
Qxf6 Nxf6 9. Nc3 Nb4 10. Kd2 d6 11. a3 Nc6 12. Bc4 Be6 13. Bd3 Rc8 14. b3 O-O
15. Bb2 Ng4 16. Raf1 Ne7 17. f3 Nf6 18. Ne2 Nd7 19. f4 f6 20. c4 Nc5 21. Bc2 b5
22. b4 Na4 23. Bxa4 bxa4 24. c5 dxc5 25. fxe5 Rfd8+ 26. Ke3 fxe5 27. Bxe5 cxb4
28. axb4 Nc6 29. Bc3 Rb8 30. Rd1 Rxd1 31. Rxd1 Nxb4 32. Rd6 Nc2+ 33. Kd2 Bb3
34. Rd7 Kf8 35. Nd4 Nxd4 36. Bxd4 Bf7 37. Ra7 Rd8 38. Ke3 Kg8 39. Rxa6 Be8 40.
Ra7 Rd7 41. Rxa4 Re7 42. Ra7 Rxa7 43. Bxa7 Kf7 44. Kf4 Bc6 45. Kf5 Bd7+ 46. Ke5
Bc6 47. g4 Bb7 48. Bd4 Bc6 49. Kf4 1/2-1/2

[Event "Campeonato Nacional  Femenino 2011"]
[Site "Ciudad de Holguin. Cuba"]
[Date "2011.01.30"]
[Round "3.5"]
[White "Ordaz, Lisandra"]
[Black "Miranda, Yerisbel"]
[Result "1/2-1/2"]
[WhiteElo "2343"]
[BlackElo "2183"]
[PlyCount "96"]
[EventDate "2011.01.29"]
[EventType "swiss"]
[EventRounds "9"]
[EventCountry "CUB"]
[EventCategory "1"]

1. d4 d5 2. c4 c6 3. e3 Nf6 4. Nf3 e6 5. b3 Ne4 6. Bd3 Bb4+ 7. Nbd2 f5 8. a3
Bd6 9. c5 Be7 10. b4 Nd7 11. Bb2 O-O 12. O-O Qe8 13. Ne1 Bg5 14. f4 Bf6 15.
Nef3 h6 16. Ne5 g5 17. Nxe4 dxe4 18. Be2 g4 19. h3 h5 20. hxg4 hxg4 21. g3 Bg7
22. Nxd7 Bxd7 23. Kg2 Qg6 24. Rh1 Kf7 25. Bc3 a6 26. Qb3 Bf6 27. Rh2 Rh8 28.
Rah1 Qg7 29. Rxh8 Rxh8 30. Rxh8 Qxh8 31. Kg1 Qh3 32. Be1 Qh8 33. Bf1 Qe8 34.
Bc4 Qc8 35. Qa2 Bg7 36. Qh2 Qh8 37. Qxh8 Bxh8 38. Kf2 Bf6 39. Ke2 Bd8 40. Kd1
Ke7 41. Kc2 Be8 42. Kb3 Bd7 43. a4 Be8 44. Be2 Bd7 45. b5 axb5 46. axb5 cxb5
47. Kb4 Bc6 48. Bxb5 Kd7 1/2-1/2

[Event "Campeonato Nacional  Femenino 2011"]
[Site "Ciudad de Holguin. Cuba"]
[Date "2011.01.30"]
[Round "3.6"]
[White "Miranda, Tania"]
[Black "Piña, Sulennis"]
[Result "1-0"]
[WhiteElo "2129"]
[BlackElo "2325"]
[PlyCount "71"]
[EventDate "2011.01.29"]
[EventType "swiss"]
[EventRounds "9"]
[EventCountry "CUB"]
[EventCategory "1"]

1. e4 c5 2. Nf3 d6 3. d4 cxd4 4. Nxd4 Nf6 5. Nc3 Nc6 6. Bc4 e6 7. Be3 Bd7 8.
Qe2 Na5 9. Bd3 a6 10. O-O-O Rc8 11. f4 Qc7 12. Nb3 b5 13. Bd4 b4 14. e5 bxc3
15. exf6 cxb2+ 16. Bxb2 g6 17. Bxa6 Rb8 18. Kb1 Bc6 19. Rhe1 d5 20. Ka1 Bd6 21.
Be5 Bxe5+ 22. Qxe5 Qxe5+ 23. fxe5 Nc4 24. Nd4 Ba8 25. Bb5+ Kf8 26. Bxc4 dxc4
27. Rb1 Rc8 28. g3 h6 29. Nb5 Bd5 30. c3 Kg8 31. Nd6 Rc7 32. Rb8+ Kh7 33. Reb1
Rxb8 34. Rxb8 g5 35. Rf8 Kg6 36. g4 1-0

[Event "Campeonato Nacional  Femenino 2011"]
[Site "Ciudad de Holguin. Cuba"]
[Date "2011.01.30"]
[Round "3.7"]
[White "Hernandez, Yuleisis"]
[Black "Perez, Jennifer"]
[Result "1/2-1/2"]
[WhiteElo "2206"]
[BlackElo "2231"]
[PlyCount "113"]
[EventDate "2011.01.29"]
[EventType "swiss"]
[EventRounds "9"]
[EventCountry "CUB"]
[EventCategory "1"]

1. e4 e5 2. Nf3 Nc6 3. d4 exd4 4. Nxd4 Bb4+ 5. c3 Bc5 6. Be3 Bb6 7. Nd2 Nf6 8.
Nxc6 bxc6 9. Bxb6 axb6 10. Bd3 O-O 11. O-O d5 12. Qc2 g6 13. b4 Ng4 14. h3 Ne5
15. Be2 dxe4 16. Nxe4 f5 17. Nd2 Be6 18. f4 Nf7 19. Nf3 Qf6 20. Rfd1 Ra3 21. c4
Nd6 22. Ne5 Qh4 23. Rf1 Qg3 24. Bd3 Qe3+ 25. Kh2 Ne4 26. Rf3 Qd4 27. Rd1 Nc3
28. Nxc6 Qf6 29. Bf1 Nxd1 30. Rxa3 Qa1 31. Rb3 Ra8 32. Rb1 Ne3 33. Qd3 Nxf1+
34. Rxf1 Qxa2 35. Rc1 Qb2 36. Qe3 Bf7 37. Ne7+ Kf8 38. Nc6 Re8 39. Qc3 Qxc3 40.
Rxc3 Re4 41. c5 Rxf4 42. cxb6 cxb6 43. Rd3 Re4 44. Rd8+ Re8 45. Rd7 Re6 46. Nd8
Re7 47. Rd6 b5 48. Nxf7 Kxf7 49. Rd5 Rb7 50. Kg3 Ke6 51. Rc5 g5 52. Kf3 Kf6 53.
g3 Rb6 54. Rd5 Ke6 55. Rc5 Kf6 56. Rd5 Ke6 57. Rc5 1/2-1/2

[Event "Campeonato Nacional  Femenino 2011"]
[Site "Ciudad de Holguin. Cuba"]
[Date "2011.01.30"]
[Round "3.8"]
[White "Ramon Pita, Vivian"]
[Black "Frometa, Zirka"]
[Result "1-0"]
[WhiteElo "2203"]
[BlackElo "2128"]
[PlyCount "119"]
[EventDate "2011.01.29"]
[EventType "swiss"]
[EventRounds "9"]
[EventCountry "CUB"]
[EventCategory "1"]

1. Nf3 d5 2. g3 Nf6 3. Bg2 e6 4. O-O c5 5. b3 Nc6 6. Bb2 Be7 7. c4 d4 8. e3 e5
9. exd4 exd4 10. d3 O-O 11. Na3 a6 12. Nc2 a5 13. a3 Qc7 14. Qd2 Rb8 15. a4 Bg4
16. Na3 Qd7 17. Rfe1 Bd6 18. Nb5 Rbe8 19. Rxe8 Rxe8 20. Re1 Bb8 21. Ba3 b6 22.
Rxe8+ Nxe8 23. Qe1 Nf6 24. Qd2 h6 25. Ne1 Ne7 26. f3 Be6 27. Qe2 Nf5 28. Bc1 g5
29. Qf2 Nd6 30. Nxd6 Bxd6 31. Nc2 Nh7 32. Qe1 Bf5 33. Qe2 Nf6 34. Bd2 Qe6 35.
Qxe6 fxe6 36. Bf1 Kg7 37. Kf2 Nd7 38. Ne1 Kf6 39. f4 e5 40. fxg5+ hxg5 41. h4
gxh4 42. gxh4 e4 43. dxe4 Bxe4 44. Bg5+ Ke6 45. Bh3+ Bf5 46. Bxf5+ Kxf5 47. Nf3
Ne5 48. Nxe5 Bxe5 49. Bd8 Ke4 50. Ke2 d3+ 51. Kd2 Kd4 52. Bg5 Bg7 53. h5 Bh8
54. h6 Be5 55. h7 Bg7 56. Bd8 Bh6+ 57. Kd1 Bg7 58. Bxb6 Kc3 59. Bxc5 Kxb3 60.
Bf8 1-0

[Event "Campeonato Nacional  Femenino 2011"]
[Site "Ciudad de Holguin. Cuba"]
[Date "2011.01.30"]
[Round "3.9"]
[White "Catala, Ivette"]
[Black "Fleites, Yuleikys"]
[Result "1/2-1/2"]
[WhiteElo "2171"]
[BlackElo "2155"]
[PlyCount "91"]
[EventDate "2011.01.29"]
[EventType "swiss"]
[EventRounds "9"]
[EventCountry "CUB"]
[EventCategory "1"]

1. d4 d5 2. Nf3 Nf6 3. e3 e6 4. Bd3 c5 5. b3 Nc6 6. O-O Bd6 7. Bb2 O-O 8. c4
cxd4 9. exd4 b6 10. Nbd2 Bb7 11. a3 Rc8 12. Qc2 h6 13. Rfe1 Bf4 14. Rad1 Qc7
15. Ne5 Nxe5 16. dxe5 Nd7 17. Nf3 dxc4 18. Qxc4 Qxc4 19. Bxc4 Nc5 20. Nd4 Rfd8
21. Nb5 a5 22. Nd6 Rb8 23. h4 h5 24. Rd4 Bh6 25. b4 axb4 26. axb4 Na4 27. Nxb7
Rxd4 28. Bxd4 Rxb7 29. Ra1 b5 30. Bxb5 Rxb5 31. Rxa4 Bf4 32. g3 Bxe5 33. Bxe5
Rxe5 34. Ra8+ Kh7 35. Ra5 Re1+ 36. Kg2 Kg6 37. Rg5+ Kh6 38. Rb5 Rb1 39. Rb7 Rb3
40. b5 Kg6 41. b6 Kf6 42. Kf1 Rb2 43. Ke1 Kg6 44. Rb8 Kf6 45. Rb7 Kg6 46. f4
1/2-1/2

[Event "Campeonato Nacional  Femenino 2011"]
[Site "Ciudad de Holguin. Cuba"]
[Date "2011.01.30"]
[Round "3.10"]
[White "Forgas, Yaniela"]
[Black "Castillo, Mairebis"]
[Result "1-0"]
[WhiteElo "2130"]
[BlackElo "2166"]
[PlyCount "57"]
[EventDate "2011.01.29"]
[EventType "swiss"]
[EventRounds "9"]
[EventCountry "CUB"]
[EventCategory "1"]

1. e4 c5 2. Nf3 d6 3. d4 cxd4 4. Nxd4 Nf6 5. Nc3 a6 6. Be2 e6 7. O-O Be7 8. f4
O-O 9. Kh1 b5 10. Bf3 Bb7 11. e5 Nd5 12. Nxd5 exd5 13. e6 f5 14. Qd3 g6 15. a4
bxa4 16. Rxa4 Qc8 17. Ra3 a5 18. Rc3 Qd8 19. Re1 Na6 20. Qb5 Nc5 21. Ra3 Qc7
22. Bd2 a4 23. b4 axb3 24. Ba5 Qc8 25. cxb3 Ba6 26. Qc6 Bb7 27. Qxc8 Rfxc8 28.
b4 Nd3 29. Rxd3 1-0

[Event "Campeonato Nacional  Femenino 2011"]
[Site "Ciudad de Holguin. Cuba"]
[Date "2011.01.31"]
[Round "4.1"]
[White "Linares, Oleiny"]
[Black "Arribas, Maritza"]
[Result "1/2-1/2"]
[WhiteElo "2304"]
[BlackElo "2296"]
[PlyCount "88"]
[EventDate "2011.01.29"]
[EventType "swiss"]
[EventRounds "9"]
[EventCountry "CUB"]
[EventCategory "1"]

1. e4 e5 2. Nf3 d6 3. d4 Nd7 4. Bc4 c6 5. Nc3 Be7 6. dxe5 dxe5 7. Ng5 Bxg5 8.
Qh5 Qe7 9. Qxg5 Qxg5 10. Bxg5 Ngf6 11. f3 Nc5 12. Be3 Be6 13. Be2 Ncd7 14. a4
a5 15. Kf2 Ke7 16. Rhd1 Rhd8 17. Rd2 b6 18. Rad1 Nc5 19. Rxd8 Rxd8 20. Bxc5+
bxc5 21. Rxd8 Kxd8 22. Nd1 Nd7 23. Ne3 Nb6 24. b3 Ke7 25. Ke1 c4 26. b4 axb4
27. a5 Nc8 28. Bxc4 Bxc4 29. Nxc4 f6 30. Kd2 Kd7 31. c3 c5 32. cxb4 cxb4 33.
Kc2 Kc6 34. Kb3 Kb5 35. a6 Kxa6 36. Kxb4 Kb7 37. Kc5 Kc7 38. h4 Ne7 39. Ne3 Kd7
40. Nf5 Nxf5 41. exf5 h5 42. Kd5 Ke7 43. Kc6 Ke8 44. Kd6 Kd8 1/2-1/2

[Event "Campeonato Nacional  Femenino 2011"]
[Site "Ciudad de Holguin. Cuba"]
[Date "2011.01.31"]
[Round "4.2"]
[White "Marrero, Yaniet"]
[Black "Campos, Milena"]
[Result "1/2-1/2"]
[WhiteElo "2315"]
[BlackElo "2215"]
[PlyCount "98"]
[EventDate "2011.01.29"]
[EventType "swiss"]
[EventRounds "9"]
[EventCountry "CUB"]
[EventCategory "1"]

1. e4 e5 2. Nf3 Nc6 3. d4 exd4 4. Nxd4 Bc5 5. Nb3 Bb6 6. Qe2 a5 7. a4 Nge7 8.
Nc3 Nb4 9. Bg5 f6 10. Bh4 O-O 11. O-O-O d5 12. exd5 Bf5 13. Rd2 Ng6 14. Bg3 Re8
15. Qd1 Ne5 16. Bb5 Re7 17. Re1 Qf8 18. h3 Bxc2 19. Rxc2 Ned3+ 20. Kd2 Rxe1 21.
Qg4 Ne5 22. Qe6+ Kh8 23. Kxe1 Nxc2+ 24. Kd2 Nd4 25. Nxd4 Bxd4 26. f4 Qb4 27.
Kc2 Nc4 28. Bxc4 Qxc4 29. Qe4 Qb4 30. Kd3 Bxc3 31. bxc3 Qd6 32. Qe6 Qc5 33. Qd7
Qg1 34. f5 Qxg2 35. Bxc7 Qxh3+ 36. Kc4 Qg4+ 37. Kc5 Qg1+ 38. Kc4 Qf1+ 39. Kc5
Qf2+ 40. Kc4 Qe2+ 41. Kb3 h6 42. d6 Kh7 43. Qb5 Qd1+ 44. Ka3 Qa1+ 45. Kb3 Qd1+
46. Ka3 Qa1+ 47. Kb3 Qb1+ 48. Kc4 Qe4+ 49. Kb3 Qb1+ 1/2-1/2

[Event "Campeonato Nacional  Femenino 2011"]
[Site "Ciudad de Holguin. Cuba"]
[Date "2011.01.31"]
[Round "4.3"]
[White "Vigoa Apecheche, Yanira"]
[Black "Gutierrez, Amanda"]
[Result "1/2-1/2"]
[WhiteElo "2290"]
[BlackElo "2022"]
[PlyCount "81"]
[EventDate "2011.01.29"]
[EventType "swiss"]
[EventRounds "9"]
[EventCountry "CUB"]
[EventCategory "1"]

1. d4 d5 2. Nf3 Nf6 3. c4 c6 4. e3 a6 5. Bd3 g6 6. O-O Bg7 7. a4 O-O 8. a5 Bg4
9. Qb3 Bxf3 10. Qxb7 Bxg2 11. Kxg2 Qd7 12. Qxd7 Nbxd7 13. f4 c5 14. Nc3 cxd4
15. exd4 dxc4 16. Bxc4 Rfc8 17. b3 e6 18. Rd1 Ng4 19. Ra4 Nh6 20. Ne2 Nf6 21.
Ba3 Nf5 22. Kf3 h5 23. h3 h4 24. Bc5 Nd5 25. Bxd5 exd5 26. b4 Re8 27. Rd3 Re4
28. Ra2 Bf8 29. Rad2 Rae8 30. Nc3 Bxc5 31. dxc5 Re3+ 32. Kf2 d4 33. Nd5 Kg7 34.
Rxd4 Rxh3 35. R4d3 Rh1 36. Nc3 Ree1 37. Rd1 Rhf1+ 38. Kg2 Rg1+ 39. Kf2 Rgf1+
40. Kg2 Rg1+ 41. Kf2 1/2-1/2

[Event "Campeonato Nacional  Femenino 2011"]
[Site "Ciudad de Holguin. Cuba"]
[Date "2011.01.31"]
[Round "4.4"]
[White "Llaudy, Lisandra"]
[Black "Miranda, Tania"]
[Result "0-1"]
[WhiteElo "2238"]
[BlackElo "2129"]
[PlyCount "106"]
[EventDate "2011.01.29"]
[EventType "swiss"]
[EventRounds "9"]
[EventCountry "CUB"]
[EventCategory "1"]

1. e4 c5 2. Nf3 d6 3. Bb5+ Bd7 4. Bxd7+ Qxd7 5. O-O Nf6 6. Qe2 Nc6 7. Rd1 e6 8.
b3 Be7 9. Bb2 O-O 10. d4 cxd4 11. Nxd4 a6 12. c4 b5 13. Na3 Rfb8 14. Rac1 Nxd4
15. Bxd4 b4 16. e5 Ne8 17. exd6 Bg5 18. Nc2 Bxc1 19. Rxc1 Nxd6 20. Rd1 Qc6 21.
Be5 Rd8 22. Nxb4 Qe4 23. Qxe4 Nxe4 24. Rxd8+ Rxd8 25. Kf1 f6 26. Bc7 Rd2 27. f3
Nc3 28. Ba5 Nxa2 29. Nxa6 Rd6 30. Nc7 Rc6 31. Kf2 Nc1 32. b4 Nb3 33. Nb5 Rxc4
34. Nd6 Rd4 35. Nb5 Rd5 36. Nc7 Rd2+ 37. Kg3 Nxa5 38. bxa5 Kf7 39. a6 Ra2 40.
h3 Ke7 41. h4 Kd7 42. Nb5 Rxa6 43. Nc3 Rc6 44. Ne4 e5 45. h5 Ke6 46. Kf2 Rc2+
47. Kg3 h6 48. Nf2 f5 49. Nd3 Kf6 50. Ne1 Rd2 51. Kh3 e4 52. fxe4 fxe4 53. g3
Kg5 0-1

[Event "Campeonato Nacional  Femenino 2011"]
[Site "Ciudad de Holguin. Cuba"]
[Date "2011.01.31"]
[Round "4.5"]
[White "Corrales, Zenia"]
[Black "Ordaz, Lisandra"]
[Result "0-1"]
[WhiteElo "2197"]
[BlackElo "2343"]
[PlyCount "114"]
[EventDate "2011.01.29"]
[EventType "swiss"]
[EventRounds "9"]
[EventCountry "CUB"]
[EventCategory "1"]

1. e4 e5 2. Nf3 Nf6 3. d4 Nxe4 4. Bd3 d5 5. Nxe5 Nd7 6. O-O Bd6 7. c4 c6 8. Nc3
Nxc3 9. bxc3 O-O 10. Qh5 g6 11. Qe2 Re8 12. f4 f6 13. Qc2 Nf8 14. Nf3 dxc4 15.
Bxc4+ Kg7 16. Qd2 Bf5 17. Ne5 fxe5 18. fxe5 Rxe5 19. dxe5 Bxe5 20. Qxd8 Rxd8
21. Bg5 Rd7 22. Rac1 h6 23. Bf4 Bf6 24. g4 Bxg4 25. Bxh6+ Kxh6 26. Rxf6 Nh7 27.
Rf4 Bf5 28. Rh4+ Kg7 29. Rd4 Re7 30. h4 Nf6 31. Kf2 c5 32. Rd8 Ng4+ 33. Kg1 Re3
34. Bd5 b5 35. Bc6 a6 36. Bb7 Rh3 37. Re8 Rxh4 38. Kg2 Rh2+ 39. Kg3 Rxa2 40.
Kf4 Kf6 41. Rce1 Ra4+ 42. Kg3 Rc4 43. Bxa6 Rxc3+ 44. Kg2 b4 45. Bc8 b3 46. Bxf5
gxf5 47. Rf8+ Kg5 48. Rg8+ Kf4 49. Rf1+ Ke4 50. Re8+ Kd3 51. Kg3 Kd2+ 52. Kf4
b2 53. Rd8+ Rd3 54. Rc8 Rc3 55. Rg1 Nf2 56. Rb8 Nd3+ 57. Kxf5 Rc1 0-1

[Event "Campeonato Nacional  Femenino 2011"]
[Site "Ciudad de Holguin. Cuba"]
[Date "2011.01.31"]
[Round "4.6"]
[White "Perez, Jennifer"]
[Black "Ramon Pita, Vivian"]
[Result "1/2-1/2"]
[WhiteElo "2231"]
[BlackElo "2203"]
[PlyCount "148"]
[EventDate "2011.01.29"]
[EventType "swiss"]
[EventRounds "9"]
[EventCountry "CUB"]
[EventCategory "1"]

1. Nf3 c6 2. g3 d5 3. Bg2 Bg4 4. O-O Nd7 5. d4 e6 6. Nbd2 Ngf6 7. c4 Be7 8. b3
O-O 9. Bb2 h6 10. Re1 Bf5 11. Ne5 Bb4 12. a3 Ba5 13. b4 Bc7 14. Nxd7 Qxd7 15.
Qb3 a6 16. Rac1 Rac8 17. a4 Ne4 18. Nxe4 Bxe4 19. Bxe4 dxe4 20. Red1 Rcd8 21.
d5 exd5 22. cxd5 Qg4 23. dxc6 bxc6 24. Qc4 Rd6 25. Rxd6 Bxd6 26. Rd1 Bb8 27.
Rd4 Ba7 28. Rxe4 Qf5 29. Rf4 Qb1+ 30. Qc1 Qxc1+ 31. Bxc1 Rd8 32. Rc4 Rd6 33.
Kg2 f5 34. Bf4 Re6 35. e3 Kf7 36. h4 h5 37. Kf3 g6 38. Ke2 Bb6 39. a5 Bd8 40.
Rd4 Ke8 41. Kd3 Bf6 42. Rd6 Ke7 43. Rxe6+ Kxe6 44. Kc4 Be7 45. Bc7 Bf8 46. Bb6
Kd7 47. Bc5 Bg7 48. Kd3 Ke6 49. Kc4 Kd7 50. Kd3 Ke6 51. Bd4 Bf8 52. Kc4 Kd7 53.
Be5 Ke6 54. Bb8 Kd7 55. f3 Kc8 56. Be5 Kd7 57. e4 fxe4 58. fxe4 Kc8 59. Bd4 Kd7
60. Bc5 Bg7 61. Be3 Bf8 62. e5 Ke6 63. Bc5 Bh6 64. Bd6 Be3 65. Bc5 Bh6 66. Bb6
Bf8 67. Bc5 Bh6 68. Bb6 Bf8 69. Bc7 Kd7 70. Bb8 Ke6 71. Bc7 Kd7 72. Bb6 Ke6 73.
Bc7 Kd7 74. Bb8 Ke6 1/2-1/2

[Event "Campeonato Nacional  Femenino 2011"]
[Site "Ciudad de Holguin. Cuba"]
[Date "2011.01.31"]
[Round "4.7"]
[White "Miranda, Yerisbel"]
[Black "Hernandez, Yuleisis"]
[Result "1-0"]
[WhiteElo "2183"]
[BlackElo "2206"]
[PlyCount "62"]
[EventDate "2011.01.29"]
[EventType "swiss"]
[EventRounds "9"]
[EventCountry "CUB"]
[EventCategory "1"]

1. d4 e6 2. c4 f5 3. g3 Nf6 4. Bg2 d5 5. Nc3 c6 6. Nh3 Bd6 7. Bf4 O-O 8. c5 Bc7
9. O-O Qe7 10. Bxc7 Qxc7 11. f3 e5 12. e4 fxe4 13. fxe4 Bg4 14. Qd3 dxe4 15.
Qc4+ Kh8 16. Nxe4 Na6 17. Nd6 Bxh3 18. Bxh3 exd4 19. Be6 Qa5 20. Nxb7 Qd2 21.
Rae1 Nc7 22. Re2 Qg5 23. Qxd4 Nxe6 24. Rxe6 Ng4 25. Rfe1 h5 26. Nd6 Rab8 27. h4
Qd5 28. Qxd5 cxd5 29. c6 Rxb2 30. c7 Rc2 31. Re8 Kg8 1-0

[Event "Campeonato Nacional  Femenino 2011"]
[Site "Ciudad de Holguin. Cuba"]
[Date "2011.01.31"]
[Round "4.8"]
[White "Piña, Sulennis"]
[Black "Frometa, Zirka"]
[Result "1-0"]
[WhiteElo "2325"]
[BlackElo "2128"]
[PlyCount "81"]
[EventDate "2011.01.29"]
[EventType "swiss"]
[EventRounds "9"]
[EventCountry "CUB"]
[EventCategory "1"]

1. e4 c6 2. d4 d5 3. Nc3 g6 4. e5 Bg7 5. f4 b6 6. Nf3 e6 7. Bd3 Ba6 8. O-O Bxd3
9. Qxd3 Ne7 10. Be3 Nd7 11. Ne2 c5 12. a4 Qc7 13. a5 c4 14. Qd2 b5 15. a6 Rb8
16. b3 b4 17. g4 h5 18. h3 hxg4 19. hxg4 Ng8 20. Ng3 Nh6 21. Nh2 Qd8 22. Qg2
Qh4 23. Ne2 f5 24. Bf2 Qe7 25. bxc4 dxc4 26. d5 Nxe5 27. fxe5 Bxe5 28. Rae1 Qc7
29. Bg3 Qc5+ 30. Rf2 Bxg3 31. Nxg3 Rb6 32. dxe6 Ke7 33. g5 Ng8 34. Kf1 b3 35.
Rd2 Rb8 36. Rd5 Qb6 37. Rd7+ Ke8 38. Rb7 Qd6 39. Rxb8+ Qxb8 40. Qc6+ Kf8 41.
e7+ 1-0

[Event "Campeonato Nacional  Femenino 2011"]
[Site "Ciudad de Holguin. Cuba"]
[Date "2011.01.31"]
[Round "4.9"]
[White "Forgas, Yaniela"]
[Black "Catala, Ivette"]
[Result "0-1"]
[WhiteElo "2130"]
[BlackElo "2171"]
[PlyCount "146"]
[EventDate "2011.01.29"]
[EventType "swiss"]
[EventRounds "9"]
[EventCountry "CUB"]
[EventCategory "1"]

1. e4 c5 2. Nf3 e6 3. d4 cxd4 4. Nxd4 Nf6 5. Nc3 Nc6 6. Ndb5 d6 7. Bf4 e5 8.
Bg5 a6 9. Na3 b5 10. Nd5 Be7 11. Bxf6 Bxf6 12. c3 O-O 13. Nc2 Bg5 14. a4 bxa4
15. Rxa4 a5 16. Bc4 Rb8 17. Ra2 Kh8 18. Nce3 g6 19. O-O Be6 20. Qe2 f5 21. f4
Bh6 22. exf5 gxf5 23. Qh5 Bg7 24. Bd3 e4 25. Bc4 Rb7 26. Rd1 Qb8 27. Qe2 Qa7
28. Kh1 Qb8 29. Nb6 Nd8 30. Bxe6 Nxe6 31. Nbd5 Nc5 32. g3 Nd3 33. Rb1 Rb5 34.
c4 Rxb2 35. Raxb2 Nxb2 36. Nd1 a4 37. Rxb2 Bxb2 38. Nxb2 Qb3 39. Nd1 Rc8 40.
N5e3 a3 41. Qd2 Qd3 42. Qa5 Rf8 43. Kg1 Qb3 44. Qd5 Qb6 45. Qd2 Ra8 46. Qd5 Ra5
47. c5 Qxc5 48. Qf7 Qc8 49. Nd5 Rxd5 50. Qxd5 Qc5+ 51. Qxc5 dxc5 52. Nc3 Kg7
53. Kf2 Kg6 54. Ke3 h5 55. h4 Kf6 56. Kd2 Ke6 57. Kc2 c4 58. Nd1 a2 59. Kb2 Kd5
60. Kxa2 Kd4 61. Kb2 e3 62. Nc3 Kd3 63. Nd5 e2 64. Nb4+ Ke3 65. Nc2+ Kf3 66.
Nd4+ Kxg3 67. Nxe2+ Kxh4 68. Kc3 Kg4 69. Kxc4 h4 70. Nc1 h3 71. Nd3 Kg3 72. Nc1
h2 73. Ne2+ Kf2 0-1

[Event "Campeonato Nacional  Femenino 2011"]
[Site "Ciudad de Holguin. Cuba"]
[Date "2011.01.31"]
[Round "4.10"]
[White "Fleites, Yuleikys"]
[Black "Castillo, Mairebis"]
[Result "1-0"]
[WhiteElo "2155"]
[BlackElo "2166"]
[PlyCount "41"]
[EventDate "2011.01.29"]
[EventType "swiss"]
[EventRounds "9"]
[EventCountry "CUB"]
[EventCategory "1"]

1. e4 c5 2. Nf3 d6 3. d4 cxd4 4. Qxd4 Bd7 5. c4 Nc6 6. Qe3 Nf6 7. h3 g6 8. Be2
Bg7 9. O-O O-O 10. Rd1 Qc7 11. Nc3 b6 12. Rb1 Rac8 13. b3 Qb7 14. Bb2 Rfe8 15.
Bf1 Rcd8 16. g4 Qb8 17. Nd5 Bc8 18. b4 Ne5 19. Nxe5 dxe5 20. Nxe7+ Kh8 21. Rxd8
1-0